[Event "IHEM 2002"]
[Site "Hamburg"]
[Date "2002.05.18"]
[Round "1.2"]
[White "Wahls, Matthias"]
[Black "Trisic, Alexandar"]
[Result "1-0"]
[WhiteElo "2561"]
[BlackElo "2306"]
[PlyCount "66"]
[EventDate "2002.??.??"]

1. c4 Nf6 2. Nc3 g6 3. g3 Bg7 4. Bg2 O-O 5. d3 c5 6. Rb1 Nc6 7. a3 a5 8. Nh3 d6
9. Nf4 g5 10. Nfd5 e6 11. Nxf6+ Bxf6 12. Bd2 Be7 13. O-O f5 14. Nb5 Kh8 15. e3
Bf6 16. Kh1 Qe7 17. d4 e5 18. dxc5 dxc5 19. Nc3 Bg7 20. Nd5 Qd8 21. Qa4 Ra6 22.
Bc3 Rf7 23. Qc2 f4 24. Qd1 Qf8 25. Qh5 f3 26. Bh3 Bxh3 27. Qxh3 Nd8 28. Rfd1
Ne6 29. Bxa5 Rf5 30. Nc7 Nxc7 31. Bxc7 Qf7 32. Rd8+ Bf8 33. Rbd1 Kg7 1-0

[Event "IHEM 2002"]
[Site "Hamburg"]
[Date "2002.05.18"]
[Round "1.3"]
[White "Bach, Matthias"]
[Black "Hansen, Sune Berg"]
[Result "0-1"]
[WhiteElo "2300"]
[BlackElo "2536"]
[PlyCount "53"]
[EventDate "2002.??.??"]

1. d4 Nf6 2. c4 e6 3. Nf3 b6 4. g3 Ba6 5. b3 Bb7 6. Bg2 Bb4+ 7. Bd2 a5 8. O-O
O-O 9. Qc2 d6 10. a3 Bxd2 11. Nbxd2 c5 12. d5 exd5 13. Nh4 Ra7 14. cxd5 Bxd5
15. e4 Be6 16. f4 Nc6 17. Nhf3 Bg4 18. Rae1 Re8 19. e5 dxe5 20. fxe5 Nxe5 21.
Ng5 h6 22. Nge4 Nxe4 23. Nxe4 Rae7 24. Rf6 Qd4+ 25. Kh1 Nd3 26. Ref1 Rxe4 27.
Rxf7 0-1

[Event "IHEM 2002"]
[Site "Hamburg"]
[Date "2002.05.18"]
[Round "1.4"]
[White "Müller, Karsten"]
[Black "Lindinger, Markus"]
[Result "1-0"]
[WhiteElo "2530"]
[BlackElo "2299"]
[PlyCount "55"]
[EventDate "2002.??.??"]

1. e4 e5 2. Nf3 Nf6 3. Nc3 Bb4 4. Nxe5 O-O 5. Nd3 Bxc3 6. dxc3 Nxe4 7. Nf4 Nc6
8. Be3 d6 9. Be2 Bd7 10. O-O Re8 11. Re1 Ne5 12. c4 Qc8 13. f3 Nf6 14. Qd2 b6
15. Rad1 Qb7 16. b3 Ng6 17. Bd4 Nxf4 18. Qxf4 Re6 19. Bd3 Rae8 20. Rxe6 Rxe6
21. Bf5 Re2 22. Kf1 Re8 23. Bxf6 Bxf5 24. Qxf5 gxf6 25. Rd4 Re6 26. Rg4+ Kf8
27. Qxh7 Qc6 28. Rg7 1-0

[Event "IHEM 2002"]
[Site "Hamburg"]
[Date "2002.05.18"]
[Round "1.6"]
[White "Voigt, Martin"]
[Black "Rogozenko, Dorian"]
[Result "1/2-1/2"]
[WhiteElo "2298"]
[BlackElo "2518"]
[PlyCount "147"]
[EventDate "2002.??.??"]

1. e4 c5 2. Nf3 d6 3. d4 cxd4 4. Nxd4 Nf6 5. Nc3 g6 6. g3 Nc6 7. Nde2 Bg7 8.
Bg2 O-O 9. O-O Rb8 10. a4 a6 11. Nd5 b5 12. axb5 axb5 13. h3 b4 14. Ra4 Nd7 15.
b3 Bb7 16. Bg5 h6 17. Be3 Nc5 18. Ra2 g5 19. Qd2 e6 20. Nxb4 Nxb4 21. Qxb4 Bxe4
22. Qd2 Bxg2 23. Kxg2 Ra8 24. Rxa8 Qxa8+ 25. f3 Qa6 26. Bd4 e5 27. Bxc5 dxc5
28. g4 c4 29. Rd1 cxb3 30. cxb3 Rb8 31. Ng3 Rxb3 32. Qd8+ Bf8 33. Nf5 Qe2+ 34.
Kg1 Kh7 35. Qd5 Bc5+ 36. Kh1 Qxf3+ 37. Qxf3 Rxf3 38. Kg2 e4 39. Rc1 Rf2+ 40.
Kg3 Rf3+ 41. Kg2 Rf2+ 42. Kg3 Ba7 43. Ra1 Bb6 44. Rb1 Rf3+ 45. Kg2 Ba5 46. Rb7
Kg6 47. Re7 Rf4 48. Ng3 Be1 49. Nxe4 Bh4 50. Ng3 Bxg3 51. Kxg3 h5 52. Re3 Ra4
53. Rf3 Ra7 54. Rb3 f6 55. Rc3 Ra2 56. Rb3 h4+ 57. Kf3 Rh2 58. Ke4 Rf2 59. Ke3
Rg2 60. Ke4 Rh2 61. Ra3 Kf7 62. Ra7+ Kg6 63. Ra3 Rf2 64. Ke3 Rf4 65. Ra7 Rf1
66. Ke2 Rh1 67. Ra3 Kf7 68. Kf2 Rh2+ 69. Kg1 Rd2 70. Re3 Rd5 71. Kg2 Rd2+ 72.
Kg1 Rd6 73. Kg2 Rd2+ 74. Kg1 1/2-1/2

[Event "IHEM 2002"]
[Site "Hamburg"]
[Date "2002.05.18"]
[Round "1.6"]
[White "Hector, Johnny"]
[Black "Wendt, Jan-Dietrich"]
[Result "1-0"]
[WhiteElo "2513"]
[BlackElo "2285"]
[PlyCount "107"]
[EventDate "2002.??.??"]

1. d4 d6 2. e4 Nf6 3. Nc3 g6 4. f4 Bg7 5. Nf3 c5 6. dxc5 Qa5 7. Bd3 Qxc5 8. Qe2
Bg4 9. h3 Bxf3 10. Qxf3 Nc6 11. Bd2 O-O 12. Rc1 a6 13. Na4 Qd4 14. b3 Nb4 15.
Ke2 Nxd3 16. cxd3 Rac8 17. Be3 Qb4 18. Nb6 Rc6 19. e5 dxe5 20. fxe5 Rxb6 21.
Bxb6 Qxb6 22. exf6 Bxf6 23. Rc4 Qa5 24. Rc2 b5 25. Qc6 Bd4 26. Qd7 Bf6 27. Qc7
Qa3 28. Qc5 Qa5 29. Rf1 Qd8 30. Qc6 Qd4 31. Qe4 Qa7 32. Rfc1 Kg7 33. Rc7 Qb6
34. b4 Rd8 35. a3 Qd6 36. Rc8 Rd7 37. Re8 Bg5 38. Rc5 f5 39. Qe5+ Qxe5+ 40.
Rxe5 Kf7 41. Ra8 Rd6 42. Rc5 Bf6 43. Kd2 Bb2 44. Kc2 Bd4 45. Rcc8 Re6 46. Rf8+
Kg7 47. Rfd8 Rc6+ 48. Kb1 e5 49. Rac8 Re6 50. Kc2 h5 51. Rd7+ Kf6 52. h4 Re7
53. Rc6+ Re6 54. Rdd6 1-0

[Event "IHEM 2002"]
[Site "Hamburg"]
[Date "2002.05.18"]
[Round "1.10"]
[White "Berg, Emanuel"]
[Black "Putzbach, Gerd"]
[Result "1-0"]
[WhiteElo "2514"]
[BlackElo "2242"]
[PlyCount "76"]
[EventDate "2002.??.??"]

1. e4 c5 2. Nf3 d6 3. d4 cxd4 4. Nxd4 Nf6 5. Nc3 a6 6. Be3 Ng4 7. Bg5 h6 8. Bh4
g5 9. Bg3 Bg7 10. Be2 h5 11. Nf5 Bxf5 12. exf5 Bxc3+ 13. bxc3 Nf6 14. h3 Qa5
15. O-O Qxf5 16. Rb1 Qd7 17. Bf3 Nc6 18. Re1 Rd8 19. Rb6 g4 20. Bh4 gxf3 21.
Bxf6 O-O 22. Rxe7 Nxe7 23. Qd2 Kh7 24. Qg5 Nf5 25. Rxb7 Rg8 26. Qxh5+ Nh6 27.
Rxd7 Rxd7 28. Bg5 Rg6 29. Bxh6 fxg2 30. Bf4+ Kg7 31. Bg3 Rb7 32. Kxg2 Rb2 33.
Qd5 Rxc2 34. h4 Rb2 35. h5 Re6 36. a4 Kh6 37. Bf4+ Kg7 38. Bxd6 Ree2 {(zue)}
1-0

[Event "IHEM 2002"]
[Site "Hamburg"]
[Date "2002.05.18"]
[Round "1.12"]
[White "Handke, Florian"]
[Black "Schüler, Hendrik"]
[Result "1-0"]
[WhiteElo "2440"]
[BlackElo "2197"]
[PlyCount "85"]
[EventDate "2002.??.??"]

1. e4 e6 2. d4 d5 3. Nd2 Nf6 4. e5 Nfd7 5. Bd3 c5 6. c3 Nc6 7. Ne2 Qb6 8. Nf3
cxd4 9. cxd4 f6 10. exf6 Nxf6 11. O-O Bd6 12. b3 O-O 13. Bf4 Bxf4 14. Nxf4 Bd7
15. Ng5 Nxd4 16. Qb1 Ne4 17. Bxe4 Rxf4 18. Bxh7+ Kh8 19. Bg6 Raf8 20. Qd1 Rh4
21. Nf7+ Kg8 22. g3 Rh8 23. Nxh8 Nf3+ 24. Kg2 Kxh8 25. Be4 dxe4 26. Qxd7 e3 27.
Qe7 Rf6 28. Rac1 e2 29. Qe8+ Kh7 30. Qh5+ Rh6 31. Qxf3 exf1=Q+ 32. Rxf1 Qd8 33.
Qe4+ Kh8 34. Qxb7 Qg5 35. Qa8+ Kh7 36. Qe4+ Kh8 37. Rd1 Qf6 38. Rd7 Qg5 39.
Rxa7 Rg6 40. h4 Qh5 41. b4 e5 42. Ra8+ Kh7 43. Ra6 1-0

[Event "IHEM 2002"]
[Site "Hamburg"]
[Date "2002.05.18"]
[Round "1.13"]
[White "Maahs, Erich"]
[Black "Murdzia, Piotr"]
[Result "0-1"]
[WhiteElo "2194"]
[BlackElo "2418"]
[PlyCount "84"]
[EventDate "2002.??.??"]

1. e4 c5 2. Nf3 g6 3. Nc3 Bg7 4. g3 Nc6 5. Bg2 e6 6. O-O Nge7 7. d3 O-O 8. Nh4
d6 9. Be3 Rb8 10. a4 a6 11. Qd2 Nd4 12. f4 b5 13. axb5 axb5 14. Rae1 b4 15. Nd1
Bd7 16. Bf2 f5 17. Nf3 Qc7 18. c4 Nec6 19. Nxd4 Nxd4 20. h3 Rb6 21. Kh2 Ra6 22.
Bxd4 Bxd4 23. g4 fxg4 24. hxg4 Ra2 25. Re2 Bc8 26. Kh1 Qg7 27. f5 g5 28. Bf3
Bd7 29. Kg2 h6 30. Qc1 Qe5 31. Rh1 Kg7 32. Kh3 Bc6 33. Qb1 Rfa8 34. Kg2 Ra1 35.
Qc2 R1a2 36. fxe6 Rf8 37. Qb1 Rxf3 38. Kxf3 Qf4+ 39. Kg2 Qxg4+ 40. Kf1 Qf3+ 41.
Nf2 Bxf2 42. Qxa2 Be3+ 0-1

[Event "IHEM 2002"]
[Site "Hamburg"]
[Date "2002.05.18"]
[Round "1.14"]
[White "Breyther, Ruediger"]
[Black "Gaede, Derek"]
[Result "1/2-1/2"]
[WhiteElo "2372"]
[BlackElo "2181"]
[PlyCount "62"]
[EventDate "2002.??.??"]

1. e4 e6 2. d4 d5 3. Nd2 Nf6 4. e5 Nfd7 5. c3 c5 6. Bd3 Nc6 7. Ne2 cxd4 8. cxd4
f6 9. exf6 Nxf6 10. Nf3 Bd6 11. O-O Qc7 12. Bg5 O-O 13. Bh4 Nh5 14. Qc2 h6 15.
Bg6 Nf4 16. Nxf4 Bxf4 17. Bg3 Bd7 18. Ne5 Be8 19. Bxf4 Rxf4 20. Bxe8 Rxe8 21.
Rad1 Qb6 22. Nxc6 Qxc6 23. Qxc6 bxc6 24. g3 Re4 25. f3 Re2 26. Rf2 Rxf2 27.
Kxf2 Rb8 28. b3 Kf7 29. Rc1 Rb6 30. Rc5 Kf6 31. Ra5 Rb7 {(=)} 1/2-1/2

[Event "IHEM 2002"]
[Site "Hamburg"]
[Date "2002.05.18"]
[Round "1.15"]
[White "Gollasch, Theo-Heinz"]
[Black "Pajeken, Wolfgang"]
[Result "0-1"]
[WhiteElo "2126"]
[BlackElo "2350"]
[PlyCount "36"]
[EventDate "2002.??.??"]

1. c4 c5 2. Nc3 g6 3. g3 Bg7 4. Bg2 Nc6 5. d3 e6 6. e4 Nge7 7. Nge2 O-O 8. O-O
b6 9. Bf4 Bb7 10. Qd2 Ne5 11. Bxe5 Bxe5 12. d4 cxd4 13. Nxd4 Rc8 14. f4 Bg7 15.
b3 d5 16. e5 Ba6 17. Ncb5 dxc4 18. Nxa7 Rc7 0-1

[Event "IHEM 2002"]
[Site "Hamburg"]
[Date "2002.05.18"]
[Round "1.17"]
[White "Schulz, Hans-Juergen"]
[Black "Gullaksen, Eirik"]
[Result "0-1"]
[WhiteElo "2104"]
[BlackElo "2326"]
[PlyCount "60"]
[EventDate "2002.??.??"]

1. e4 c5 2. b4 cxb4 3. Bb2 Nf6 4. e5 Nd5 5. c4 bxc3 6. dxc3 e6 7. c4 Qa5+ 8.
Nd2 Nc3 9. Qc2 Na4 10. f4 Nxb2 11. Qxb2 Ba3 12. Qc2 Nc6 13. Ngf3 d6 14. exd6
Bxd6 15. a3 Bxf4 16. c5 Bd7 17. Rb1 Qxa3 18. Nc4 Qxc5 19. Rxb7 Rd8 20. g3 Bb8
21. Qb2 O-O 22. Rb5 Qe7 23. Bd3 e5 24. O-O f5 25. Re1 e4 26. Nh4 Qf6 27. Qa2
exd3 28. Nd6+ Kh8 29. Ndxf5 Nd4 30. Ng6+ Qxg6 0-1

[Event "IHEM 2002"]
[Site "Hamburg"]
[Date "2002.05.18"]
[Round "1.18"]
[White "Langrock, Hannes"]
[Black "Frackowiak, Oliver"]
[Result "1-0"]
[WhiteElo "2313"]
[BlackElo "2069"]
[PlyCount "147"]
[EventDate "2002.??.??"]

1. e4 c5 2. d4 cxd4 3. c3 dxc3 4. Nxc3 Nc6 5. Nf3 d6 6. Bc4 Nf6 7. O-O Bg4 8.
Qb3 Qb6 9. Bxf7+ Kd7 10. Qxb6 axb6 11. Bb3 Bxf3 12. gxf3 Nd4 13. Ba4+ b5 14.
Bxb5+ Nxb5 15. Nxb5 g6 16. Rd1 Bg7 17. e5 Ne8 18. f4 Ra6 19. Be3 Nc7 20. Nc3
Ke6 21. Ne4 h6 22. Rd2 Nd5 23. Rad1 Nxe3 24. fxe3 Kf5 25. Ng3+ Ke6 26. Ne4 Kf5
27. Ng3+ Ke6 28. exd6 Rxd6 29. Rxd6+ exd6 30. Ne4 Rd8 31. Rd2 b6 32. Kf2 d5 33.
Ng3 Ra8 34. a3 Rc8 35. Ne2 Bf6 36. Kf3 Rc4 37. h3 b5 38. Nd4+ Bxd4 39. Rxd4 Rc2
40. Rb4 Rh2 41. Kg3 Re2 42. Kf3 Rh2 43. Rxb5 Rxh3+ 44. Kf2 Rh2+ 45. Kg3 Rd2 46.
a4 d4 47. exd4 Rd3+ 48. Kg4 Rxd4 49. Rb6+ Kf7 50. a5 g5 51. Rxh6 gxf4 52. Rb6
Ra4 53. b4 Ke7 54. Kxf4 Kd7 55. Ke4 Kc7 56. Kd5 Ra1 57. Kc5 Rg1 58. Rc6+ Kb7
59. Rd6 Kc7 60. Rh6 Rg5+ 61. Kc4 Kb7 62. Kb3 Rf5 63. Ka4 Rg5 64. Rh7+ Ka8 65.
a6 Rf5 66. b5 Rg5 67. Re7 Kb8 68. b6 Rg4+ 69. Kb5 Rg5+ 70. Kc6 Rg6+ 71. Kc5
Rg5+ 72. Kd6 Rg6+ 73. Re6 Rg8 74. Kd7 1-0

[Event "IHEM 2002"]
[Site "Hamburg"]
[Date "2002.05.19"]
[Round "2.1"]
[White "Sax, Gyula"]
[Black "Berg, Emanuel"]
[Result "1-0"]
[WhiteElo "2566"]
[BlackElo "2514"]
[PlyCount "79"]
[EventDate "2002.??.??"]

1. e4 e6 2. d4 d5 3. Nd2 Nf6 4. e5 Nfd7 5. f4 c5 6. c3 Nc6 7. Ndf3 Qb6 8. h4
cxd4 9. cxd4 Bb4+ 10. Kf2 f6 11. Kg3 O-O 12. Nh3 fxe5 13. dxe5 Nc5 14. Kh2 Ne4
15. Nfg5 Be7 16. Bd3 Bxg5 17. hxg5 Rd8 18. Qe1 Bd7 19. Bxe4 dxe4 20. Nf2 Nd4
21. Be3 Bc6 22. Qc3 Rd7 23. Rad1 Rad8 24. Rxd4 Rxd4 25. Rd1 Rxd1 26. Bxb6 axb6
27. Nxd1 Rxd1 28. Qb3 Rd5 29. Qa3 Bd7 30. Qe3 Bc6 31. Qxe4 Rd2 32. Qc4 Bd5 33.
Qc8+ Kf7 34. f5 exf5 35. Qxf5+ Ke7 36. Qxh7 Rxb2 37. Kh3 Kf7 38. Qf5+ Ke7 39.
Qg6 Rd2 40. Qxg7+ {(ZUe)} 1-0

[Event "IHEM 2002"]
[Site "Hamburg"]
[Date "2002.05.19"]
[Round "2.3"]
[White "Hansen, Sune Berg"]
[Black "Handke, Florian"]
[Result "1/2-1/2"]
[WhiteElo "2536"]
[BlackElo "2440"]
[PlyCount "63"]
[EventDate "2002.??.??"]

1. e4 c5 2. Nc3 Nc6 3. g3 g6 4. Bg2 Bg7 5. d3 d6 6. Be3 Rb8 7. Qd2 b5 8. Nge2
Nd4 9. O-O h5 10. h4 e6 11. Nd1 Ne7 12. Nc1 b4 13. a3 a5 14. axb4 axb4 15. c3
bxc3 16. bxc3 Ndc6 17. d4 cxd4 18. cxd4 O-O 19. Ne2 d5 20. Ndc3 dxe4 21. Bxe4
Rb4 22. Rfd1 Bb7 23. Bh6 Bxh6 24. Qxh6 Nf5 25. Bxf5 exf5 26. Nf4 Nxd4 27. Ne6
fxe6 28. Qxg6+ Kh8 29. Qh6+ Kg8 30. Qg6+ Kh8 31. Qh6+ Kg8 32. Qg6+ 1/2-1/2

[Event "IHEM 2002"]
[Site "Hamburg"]
[Date "2002.05.19"]
[Round "2.4"]
[White "Murdzia, Piotr"]
[Black "Müller, Karsten"]
[Result "1/2-1/2"]
[WhiteElo "2418"]
[BlackElo "2530"]
[PlyCount "75"]
[EventDate "2002.??.??"]

1. d4 d5 2. c4 c6 3. Nf3 Nf6 4. Nc3 e6 5. Bg5 h6 6. Bh4 dxc4 7. e4 b5 8. e5 g5
9. Nxg5 hxg5 10. Bxg5 Nbd7 11. exf6 Bb7 12. g3 c5 13. d5 Nxf6 14. Bg2 Be7 15.
O-O Nxd5 16. Bxe7 Kxe7 17. Nxb5 Qb6 18. Na3 Rh4 19. Qd2 Nf4 20. Nxc4 Qa6 21.
Ne3 Rd8 22. Qc2 Ne2+ 23. Kh1 Rh5 24. Rae1 Nd4 25. Qc3 Rdh8 26. h4 Ne2 27. Rxe2
Bxg2+ 28. Kxg2 Qxe2 29. Nd5+ exd5 30. Re1 Qxe1 31. Qxe1+ Kf6 32. Qc3+ d4 33.
Qf3+ Kg7 34. Qg4+ Kf8 35. Qc8+ Kg7 36. Qg4+ Kf8 37. Qc8+ Kg7 38. Qg4+ 1/2-1/2

[Event "IHEM 2002"]
[Site "Hamburg"]
[Date "2002.05.19"]
[Round "2.8"]
[White "Rogozenko, Dorian"]
[Black "Langrock, Hannes"]
[Result "1-0"]
[WhiteElo "2518"]
[BlackElo "2313"]
[PlyCount "58"]
[EventDate "2002.??.??"]

1. d4 f5 2. g3 Nf6 3. Bg2 g6 4. c4 Bg7 5. Nc3 O-O 6. Nh3 d6 7. d5 Nbd7 8. O-O
Ne5 9. b3 c5 10. Qc2 a6 11. a4 b6 12. Bb2 Rb8 13. Rae1 Bd7 14. Ng5 Ne8 15. f4
Ng4 16. e4 Bd4+ 17. Kh1 Ne3 18. Rxe3 Bxe3 19. Ne2 Nf6 20. Qd3 Bd4 21. Nxd4 cxd4
22. e5 dxe5 23. fxe5 Ne4 24. Qxd4 Nxg5 25. e6 Rf6 26. exd7 Nf7 27. g4 Qxd7 28.
g5 Nxg5 29. Qf4 Qd6 1-0

[Event "IHEM 2002"]
[Site "Hamburg"]
[Date "2002.05.19"]
[Round "2.9"]
[White "Votava, Jan"]
[Black "Breyther, Ruediger"]
[Result "1-0"]
[WhiteElo "2508"]
[BlackElo "2372"]
[PlyCount "97"]
[EventDate "2002.??.??"]

1. e4 c5 2. Nf3 e6 3. d4 cxd4 4. Nxd4 Nf6 5. Nc3 d6 6. g4 h6 7. h3 Nc6 8. Be3
a6 9. Bg2 Bd7 10. Qe2 Nxd4 11. Bxd4 e5 12. Be3 Rc8 13. f4 exf4 14. Bxf4 Be7 15.
O-O-O Rxc3 16. bxc3 Qa5 17. Qc4 O-O 18. Qb4 Qxa2 19. Bxd6 Bxd6 20. Rxd6 Ba4 21.
Qb2 Qc4 22. Re1 Nd7 23. Qa3 Bc6 24. Bf1 Qc5 25. Qxc5 Nxc5 26. e5 Re8 27. Bc4 a5
28. Rf1 Ne6 29. h4 Re7 30. Kd2 Kh7 31. Ke3 a4 32. Bd5 Bxd5 33. Rxd5 Rc7 34. Kd3
g5 35. hxg5 hxg5 36. Ra5 Kg7 37. c4 b6 38. Rb5 Nf4+ 39. Kc3 Ne2+ 40. Kd3 Nf4+
41. Kd4 Ne2+ 42. Ke3 Nf4 43. Rb4 Rc5 44. Ke4 a3 45. Ra1 Ng6 46. Rxa3 Rxe5+ 47.
Kd4 Re2 48. Rb5 Rxc2 49. Rxg5 1-0

[Event "IHEM 2002"]
[Site "Hamburg"]
[Date "2002.05.19"]
[Round "2.10"]
[White "Gaede, Derek"]
[Black "Voigt, Martin"]
[Result "0-1"]
[WhiteElo "2181"]
[BlackElo "2298"]
[PlyCount "112"]
[EventDate "2002.??.??"]

1. d4 Nf6 2. c4 c5 3. d5 e6 4. Nc3 exd5 5. cxd5 d6 6. e4 g6 7. f3 Bg7 8. Bg5
O-O 9. Qd2 a6 10. a4 h6 11. Be3 Re8 12. Nge2 Nbd7 13. Nd1 Ne5 14. Nec3 Nh7 15.
Be2 h5 16. O-O f5 17. f4 Nf7 18. Nf2 Nf6 19. e5 dxe5 20. fxe5 Rxe5 21. Bxc5
Nxd5 22. Bc4 Be6 23. Rfd1 Nxc3 24. Qxc3 Qc7 25. Bxe6 Rxe6 26. Bd4 Qxc3 27. bxc3
Rae8 28. Nd3 Bxd4+ 29. cxd4 Rb6 30. Rac1 Re7 31. Kf2 Kg7 32. Rc5 Nd6 33. Rc2
Rb3 34. Ne5 Ra3 35. Rb2 Ne4+ 36. Kf1 Nc3 37. Rc1 Nxa4 38. Rb4 Rc3 39. Rxc3 Nxc3
40. Rb6 Nb5 41. Nxg6 Rd7 42. Ne5 Rxd4 43. Rxb7+ Kf6 44. Nd7+ Kg5 45. Nc5 Rd1+
46. Kf2 Rd2+ 47. Ke3 Ra2 48. Nxa6 {(=)} 48... Nd6 49. Ra7 f4+ 50. Kf3 Ra3+ 51.
Ke2 Nf5 52. Ra8 Ra2+ 53. Ke1 Ne3 54. g3 f3 55. Rg8+ Kh6 56. Rf8 Re2# 0-1

[Event "IHEM 2002"]
[Site "Hamburg"]
[Date "2002.05.19"]
[Round "2.13"]
[White "Meier, David-Geffrey"]
[Black "Bach, Matthias"]
[Result "1-0"]
[WhiteElo "2108"]
[BlackElo "2300"]
[PlyCount "83"]
[EventDate "2002.??.??"]

1. d4 d5 2. c4 e6 3. Nf3 c5 4. cxd5 exd5 5. g3 Nc6 6. Bg2 Nf6 7. O-O Be7 8.
dxc5 Bxc5 9. a3 a5 10. Bg5 O-O 11. Bxf6 Qxf6 12. Nc3 d4 13. Ne4 Qe7 14. Nxc5
Qxc5 15. Qd2 Bf5 16. Rac1 Qb6 17. Rfd1 Rad8 18. Qf4 Bg6 19. Rd2 Rfe8 20. Nh4
Ne5 21. Nf3 Nc6 22. Nh4 Ne7 23. Nxg6 Nxg6 24. Qc7 Qf6 25. Qxb7 Ne5 26. Qc7 Qh6
27. Qxa5 Ng4 28. h3 Nxf2 29. Kxf2 Qe3+ 30. Kf1 d3 31. exd3 Rd6 32. Be4 Qxg3 33.
Rf2 Qxh3+ 34. Bg2 Qxd3+ 35. Kg1 Qe3 36. Rcf1 Rh6 37. Qc3 Qb6 38. Qc4 Qa7 39.
Qxf7+ Qxf7 40. Rxf7 Rb6 41. b4 Rd8 42. R7f3 1-0

[Event "IHEM 2002"]
[Site "Hamburg"]
[Date "2002.05.19"]
[Round "2.15"]
[White "Wendt, Jan-Dietrich"]
[Black "Maahs, Erich"]
[Result "1-0"]
[WhiteElo "2285"]
[BlackElo "2194"]
[PlyCount "81"]
[EventDate "2002.??.??"]

1. Nf3 Nc6 2. g3 d5 3. Bg2 e5 4. d3 Bg4 5. h3 Bf5 6. c4 dxc4 7. Qa4 Qd7 8. Qxc4
Bb4+ 9. Nc3 f6 10. Bd2 Nge7 11. a3 Be6 12. Qb5 a6 13. Qxb7 Ra7 14. Qxa7 Nxa7
15. axb4 Qc8 16. Ne4 Bd7 17. Nc5 Bb5 18. O-O Nac6 19. Ra3 O-O 20. Rfa1 Nb8 21.
Kh2 g5 22. d4 h6 23. e4 Ng6 24. Rc1 Re8 25. Be3 Qd8 26. Rac3 c6 27. Rd1 Qc7 28.
Rc2 h5 29. dxe5 Nxe5 30. Nxe5 Qxe5 31. f4 Qe7 32. Rcd2 h4 33. gxh4 gxh4 34. Bf3
Kh8 35. Bg4 Bc4 36. Bf5 Qf8 37. Rg2 Qh6 38. Rd6 Rf8 39. Rdd2 Bg8 40. Rg4 Bh7
41. Bf2 1-0

[Event "IHEM 2002"]
[Site "Hamburg"]
[Date "2002.05.19"]
[Round "2.16"]
[White "Jacoby, Gisbert"]
[Black "Gollasch, Theo-Heinz"]
[Result "1/2-1/2"]
[WhiteElo "2275"]
[BlackElo "2126"]
[PlyCount "51"]
[EventDate "2002.??.??"]

1. c4 c5 2. Nf3 Nc6 3. Nc3 e6 4. d4 cxd4 5. Nxd4 Nf6 6. Ndb5 d6 7. Bf4 e5 8.
Bg5 a6 9. Na3 Be7 10. Qd2 Bf5 11. g3 Ne4 12. Nxe4 Bxe4 13. Bxe7 Qxe7 14. f3 Bf5
15. Bg2 Rd8 16. e4 Be6 17. O-O O-O 18. f4 f6 19. f5 Bf7 20. Rfc1 Rc8 21. Bf1
Nd4 22. Qf2 Rc7 23. Nc2 Nxc2 24. Rxc2 Rfc8 25. Rac1 Rc6 26. Bd3 {(=)} 1/2-1/2

[Event "IHEM 2002"]
[Site "Hamburg"]
[Date "2002.05.19"]
[Round "2.18"]
[White "Putzbach, Gerd"]
[Black "Schulz, Hans-Juergen"]
[Result "0-1"]
[WhiteElo "2242"]
[BlackElo "2104"]
[PlyCount "135"]
[EventDate "2002.??.??"]

1. e4 e5 2. Nf3 Nc6 3. Bb5 a6 4. Ba4 Nf6 5. O-O Be7 6. Re1 b5 7. Bb3 O-O 8. h3
d6 9. c3 Na5 10. Bc2 c5 11. d4 Qc7 12. Nbd2 Bd7 13. Nf1 Rae8 14. b3 h6 15. Bb2
Nh7 16. dxe5 dxe5 17. Ne3 Be6 18. Nd5 Bxd5 19. exd5 Bd6 20. Nh4 g6 21. Qd2 Ng5
22. Re2 e4 23. Qc1 Qe7 24. c4 b4 25. Kh1 Nxh3 26. Rxe4 Qd7 27. Qe3 Ng5 28. Rxe8
Rxe8 29. Qd3 Qg4 30. g3 Re2 31. Rf1 Ne4 32. Kg1 Nxg3 33. fxg3 Bxg3 34. Qf3 Bf2+
35. Kh1 Qxh4+ 36. Kg2 Qg5+ 37. Kh1 Rxc2 38. Rxf2 Qh4+ 39. Kg2 Rxf2+ 40. Qxf2
Qxf2+ 41. Kxf2 f5 42. Kf3 g5 43. d6 Nb7 44. d7 Kf7 45. Be5 Ke6 46. Bg7 Kxd7 47.
Bxh6 g4+ 48. Kf4 Ke6 49. Bg7 Nd6 50. Bf8 Ne4 51. Ke3 Kf7 52. Bh6 Kg6 53. Bf8
Kh5 54. Be7 Kg6 55. Kf4 g3 56. Kf3 Kh5 57. Bd8 f4 58. Be7 Ng5+ 59. Kxf4 g2 60.
Bxc5 Ne6+ 61. Kg3 Nxc5 62. Kxg2 Kg4 63. Kh2 Kf4 64. Kg2 Ke3 65. Kg3 Kd4 66. Kf4
a5 67. Kf3 Nxb3 68. axb3 0-1

[Event "IHEM 2002"]
[Site "Hamburg"]
[Date "2002.05.20"]
[Round "3.1"]
[White "Farago, Ivan"]
[Black "Sax, Gyula"]
[Result "1/2-1/2"]
[WhiteElo "2506"]
[BlackElo "2566"]
[PlyCount "27"]
[EventDate "2002.??.??"]

1. d4 Nf6 2. c4 e6 3. Nf3 b6 4. g3 Bb7 5. Bg2 Be7 6. O-O O-O 7. Nc3 Ne4 8. Nxe4
Bxe4 9. Nh4 Bxg2 10. Nxg2 d5 11. Qa4 Qd7 12. Qxd7 Nxd7 13. cxd5 exd5 14. Bf4
1/2-1/2

[Event "IHEM 2002"]
[Site "Hamburg"]
[Date "2002.05.20"]
[Round "3.4"]
[White "Müller, Karsten"]
[Black "Lanka, Zigurds"]
[Result "1/2-1/2"]
[WhiteElo "2530"]
[BlackElo "2503"]
[PlyCount "134"]
[EventDate "2002.??.??"]

1. e4 c5 2. Nf3 Nc6 3. d4 cxd4 4. Nxd4 Nf6 5. Nc3 d6 6. Bc4 e6 7. Bb3 Be7 8.
Be3 O-O 9. Qe2 d5 10. O-O-O Bb4 11. exd5 exd5 12. Bg5 Bxc3 13. bxc3 h6 14. Bh4
Qd6 {(=)} 15. Bxf6 Qxf6 16. Kb2 Be6 17. Rhe1 Rfe8 18. Qf3 Qxf3 19. Nxf3 Red8
20. Nd4 Nxd4 21. Rxd4 Rd7 22. Red1 Rad8 23. Ba4 b5 24. Bxb5 Rb7 25. Rb4 d4 26.
c4 a6 27. a3 axb5 28. cxb5 d3 {(=)} 29. Rxd3 Rxd3 30. cxd3 Kf8 31. a4 Ke7 32.
Rd4 Bd7 33. Kc3 Kd8 34. Kb4 Kc8 35. Rd6 Be8 36. Rd5 Re7 37. a5 Re2 38. a6 Kc7
39. a7 Kb7 40. b6 Bc6 41. Rd8 Kxb6 42. a8=Q Bxa8 43. Rxa8 Rxf2 44. Rf8 Kc6 45.
g3 Kd6 46. Kc4 Ke7 47. Rg8 g6 48. Kd4 Rxh2 49. Ke3 h5 50. Rh8 Kf6 51. d4 Rg2
52. Kf3 Ra2 53. Rb8 Ra3+ 54. Ke4 Rxg3 55. Rb6+ Kg5 56. d5 Rg1 57. d6 Rd1 58.
Rb5+ f5+ 59. Ke5 Re1+ 60. Kd5 h4 61. d7 Rd1+ 62. Ke6 Rxd7 63. Kxd7 h3 64. Ke6
h2 65. Rb1 Kg4 66. Ke5 g5 67. Rh1 Kg3 {(=)} 1/2-1/2

[Event "IHEM 2002"]
[Site "Hamburg"]
[Date "2002.05.20"]
[Round "3.6"]
[White "Voigt, Martin"]
[Black "Votava, Jan"]
[Result "0-1"]
[WhiteElo "2298"]
[BlackElo "2508"]
[PlyCount "86"]
[EventDate "2002.??.??"]

1. e4 c5 2. Nf3 d6 3. d4 cxd4 4. Nxd4 Nf6 5. Nc3 a6 6. Bc4 e6 7. f4 d5 8. Bd3
dxe4 9. Nxe4 Be7 10. c3 O-O 11. Qf3 Nc6 12. Be3 Nd5 13. Nxc6 bxc6 14. Bd4 c5
15. Bxc5 Bxc5 16. Nxc5 Qc7 17. b4 Qxf4 18. Qxf4 Nxf4 19. Be4 Ra7 20. g3 Nh3 21.
Bg2 e5 22. a4 a5 23. Rd1 Ng5 24. Bd5 Bg4 25. Rb1 Rd8 26. Bc6 Rc7 27. b5 Bf3 28.
b6 Rxc6 29. b7 Rb8 30. Nd7 Rxb7 31. Rxb7 Rc8 32. Rb5 Bxh1 33. Rxa5 Rxc3 34. h4
Nf3+ 35. Kf2 f6 36. Ra8+ Kf7 37. Ra7 Rc2+ 38. Ke3 Rc3+ 39. Kf2 Ke6 40. Nf8+ Kf5
41. g4+ Ke4 42. Rxg7 Rc2+ 43. Kg3 Rg2+ 0-1

[Event "IHEM 2002"]
[Site "Hamburg"]
[Date "2002.05.20"]
[Round "3.7"]
[White "Wahls, Matthias"]
[Black "Murdzia, Piotr"]
[Result "1-0"]
[WhiteElo "2561"]
[BlackElo "2418"]
[PlyCount "75"]
[EventDate "2002.??.??"]

1. c4 e5 2. Nc3 Nf6 3. Nf3 Nc6 4. a3 d5 5. cxd5 Nxd5 6. Qc2 Nb6 7. e3 Bd6 8. b4
a6 9. Bb2 O-O 10. Be2 f5 11. d3 Bd7 12. O-O Kh8 13. Rfe1 Qe8 14. Rac1 Qe6 15.
g3 Rae8 16. Bf1 Nd8 17. Bg2 Qh6 18. Ba1 Qh5 19. Nb1 Bc6 20. Nbd2 Nd7 21. Qd1
Qh6 22. Nc4 Nf7 23. Na5 Bxf3 24. Qxf3 Ng5 25. Qxb7 f4 26. exf4 exf4 27. Rxe8
Rxe8 28. Qc6 f3 {(=)} 29. Qxd7 Nh3+ 30. Bxh3 Qxc1+ 31. Bf1 Rg8 32. Bd4 Qxa3 33.
Nc6 Bxb4 34. Ne5 h6 35. Nf7+ Kh7 36. Qf5+ g6 37. Ng5+ hxg5 38. Qh3# 1-0

[Event "IHEM 2002"]
[Site "Hamburg"]
[Date "2002.05.20"]
[Round "3.8"]
[White "Berg, Emanuel"]
[Black "Lindinger, Markus"]
[Result "1-0"]
[WhiteElo "2514"]
[BlackElo "2299"]
[PlyCount "115"]
[EventDate "2002.??.??"]

1. e4 c5 2. Nf3 Nc6 3. d4 cxd4 4. Nxd4 Nf6 5. Nc3 e6 6. Ndb5 Bb4 7. a3 Bxc3+ 8.
Nxc3 d5 9. exd5 exd5 10. Bd3 O-O 11. O-O d4 12. Ne2 Qd5 13. b4 Rd8 14. Bb2 Bf5
15. Nf4 Qd6 16. Qd2 Bxd3 17. cxd3 a6 18. Rac1 Re8 19. Rc4 Rad8 20. h3 Re7 21.
Ne2 Qe5 22. Ng3 Nh5 23. f4 Qd5 24. Rc5 Qxc5 25. bxc5 Nxg3 26. Re1 Rde8 27. Rxe7
Rxe7 28. f5 Nxf5 29. Qf4 Re1+ 30. Kf2 Rb1 31. Qxf5 Rxb2+ 32. Kg3 g6 33. Qd7 Kg7
34. Kf4 h5 35. g4 hxg4 36. hxg4 Rf2+ 37. Kg5 Rb2 38. a4 Rb1 39. Qc7 Rb2 40. Qf4
Re2 41. Qf6+ Kg8 42. Qf1 Re6 43. Qb1 Re7 44. Kh6 Ne5 {(=)} 45. Qb6 Nc6 46. Qb2
Rd7 47. Qh2 Re7 48. Qd6 Re1 49. Qd5 Re2 50. Qh1 Re3 51. Qb1 Re7 52. Qb6 Rd7 53.
a5 Re7 54. Qb2 Rd7 55. Qb6 Re7 56. Qb2 Rd7 57. Qf2 Nxa5 58. Qe1 1-0